000 00336 a2200157 4500
001 58805
020 _a8570562438
040 _cAnchieta - Pituba
100 _aPereira, Denise Manzi Frayze
240 1 0 _aAméricas
_lpor
245 1 0 _aAméricas
300 _a312
362 0 _a1992
650 4 _aHistória das Américas
942 _cBK
999 _c58805
_d58805